000 00438nam a2200145Ia 4500
005 20251222143211.0
008 251222s9999||||xx |||||||||||||| ||spa||
020 _a970-665-272-8
082 _a657.45/T79
100 _aTrejo Caballero, Juana
245 0 _aGuías de Auditoria para Evaluaciones Fiscales en Empresas comerciales e industriales
250 _a12a.ed.
264 _bInstituto Mexicano de Contadores Públicos
942 _cLIB
999 _c13458
_d13458